000 00461nam a22001697a 4500
020 _a9781509504275
082 _a371.822
_bMIR/F
100 _aMiriam E David
_948243
245 _aA feminist manifesto for education/
_cby Miriam E David
260 _aUK:
_bPolity Press,
_c2016.
300 _a210p.
650 _aEducation Feminism
_948244
650 _aWomen Education
_948245
650 _aEducation
_948246
650 _aSocial Sciences
_948247
942 _cBK
999 _c71948
_d71948